000 02503nam0a2200397 4500
001 RU\NLR\bibl\1826635
005 20260405232150.0
010 _a978-5-7934-0388-7
_9300
021 _aRU
_b2011-76847
_95470
035 _a(NLR Aleph) 001817157
090 _a1954280
_c1954280
100 _a20111031d2011 |||y0rusy50 ca
101 0 _arus
_apem
_aeng
102 _aRU
105 _aa |||||||||
200 1 _aОхотничье-рыболовецкое снаряжение народа коми в фондах Национального музея Республики Коми
_dКоми Республикаса Национальнöй музей чукöртöдын коми войтырлöн вöралан да чери кыян кöлуй
_dHunting and fischg equipment of Komi people in the collections of the National Museum of the Komi Republic
_eкаталог
_fМ-во культуры Респ. Коми, Нац. музей Респ. Коми
_g[сост.: В.Б. Липин
_gотв. ред. А.А. Павлов]
_zpem
_zeng
210 _aСыктывкар
_cКоми республиканская типография
_d2011
215 _a47, [1] с., [6] л. ил., цв. ил.
_cил.
_d20
300 _aТекст парал. на рус., калм. и англ. яз.
510 1 _aКоми Республикаса Национальнöй музей чукöртöдын коми войтырлöн вöралан да чери кыян кöлуй
_zpem
510 1 _aHunting and fischg equipment of Komi people in the collections of the National Museum of the Komi Republic
_zeng
606 1 _aОхотничье снаряжение
_xКоллекции
_yКоми Республика
_92629068
_3RU\NLR\auth\661565628
606 1 _aРыболовное снаряжение
_xКоллекции
_yКоми Республика
_92629069
_3RU\NLR\auth\661565629
686 _aП711.5е(2)л6(2Р31-6Ко)
686 _aП722.6е(2)л6(2р31-6Ко)
686 _aТ52(231=Ко)-411
702 1 _4220
_8rus
_7ca
_aЛипин
_bВ. Б.
_cэтнограф
_gВладимир Борисович
_3RU\NLR\auth\77105978
_988903
702 1 _4340
_8rus
_7ca
_aПавлов
_bА. А.
_f1965-
_cканд. ист. наук
_gАндрей Альбертович
_3RU\NLR\AUTH\7733056
_916064
801 0 _aRU
_bNLR
_c20111031
_gRCR
801 1 _aRU
_bNLR
_c20111031
852 _aNLR
_bОНЛ
_jКоми-з./3-2639
942 _cBOOK
980 _aNB
980 _aNBR